Countries with biggest percentage of the worlds foreign born population - Statistics

General Stats
  • This quiz has been taken 44 times
  • The average score is 8 of 10
Answer Stats
% Answer % Correct
19.8 USA
98%
3.1 France
93%
3 UK
93%
2.8 Australia
90%
3.4 Canada
90%
4.9 Germany
90%
2.8 Spain
80%
4.8 Russia
78%
3.1 UAE
73%
3.9 Saudi Arabia
60%
No matching quizzes found
Score Distribution
Percent of People with Each Score
Percentile by Number Answered
Your Score History
You have not taken this quiz